Catalog

Record Details

Catalog Search



Apoštolský list Svatého Otce Jana Pavla II. osobám zodpovědným za sdělovací prostředky : Poselství Svatého Otce Jana Pavla II. k 39. světovému dni sdělovacích prostředků  Cover Image Book Book

Apoštolský list Svatého Otce Jana Pavla II. osobám zodpovědným za sdělovací prostředky : Poselství Svatého Otce Jana Pavla II. k 39. světovému dni sdělovacích prostředků / Jan Pavel II.. 101.

Record details

  • Physical Description:  24 s. ; 21 cm
  • Edition: 1. vyd.
  • Publisher: Praha : Česká biskupská konference, 2005

Content descriptions

General Note:
Datum originálu 24. ledna 2005

Available copies

  • 1 of 1 copy available at Common Catalog SPOK.

Holds

  • 0 current holds with 1 total copy.
Show Only Available Copies
Location Call Number / Copy Notes Barcode Shelving Location Status Due Date
Jabok Library EK-4.1.3 424480039300 Odborná literatura Available -

LDR 00953nam a2200241 a 4500
00132390
003CZ-PrJAB
00520190815104829.0
008050614s2005 xr cze
035 . ‡a(CZ PrSKC)kpw36115
040 . ‡aABE454 ‡bcze
080 . ‡a262.851, 262.13 Jan Pavel II.
1000 . ‡aJan Pavel ‡bII., ‡cpapež, ‡d1920-2005 ‡7jn19981001536
24010. ‡aIl rapido sviluppo. ‡lČesky
24510. ‡aApoštolský list Svatého Otce Jana Pavla II. osobám zodpovědným za sdělovací prostředky : ‡bPoselství Svatého Otce Jana Pavla II. k 39. světovému dni sdělovacích prostředků / ‡cJan Pavel II.. 101.
250 . ‡a1. vyd.
260 . ‡aPraha : ‡bČeská biskupská konference, ‡c2005
300 . ‡a 24 s. ; ‡c21 cm
500 . ‡aDatum originálu 24. ledna 2005
6530 . ‡apapež ‡aposelství ‡asdělovací prostředky
964 . ‡apapež
964 . ‡aposelství
964 . ‡aprostředky sdělovací
910 . ‡aABG312
995 . ‡aska
901 . ‡a32390 ‡bCZ-PrJAB ‡c32390 ‡tbiblio

Additional Resources